| 000 | 00379nam a22001337a 4500 | ||
|---|---|---|---|
| 020 | _a9780753722572 | ||
| 040 | _cNUST | ||
| 082 | _a141.235 SID | ||
| 100 |
_aSidaway, Ian _996869 |
||
| 245 |
_a Pastels in 10 Steps: _bLearn All the Techniques You Need in Just One Painting |
||
| 260 |
_aLondon: _bBounty Books, _c2012. |
||
| 650 |
_aArt and Painting _9111071 |
||
| 942 |
_2ddc _cBK |
||
| 999 |
_c594074 _d594074 |
||